A second course in complex analysis /
Guardado en:
| Autor Principal: | |
|---|---|
| Formato: | Libro |
| Idioma: | English |
| Publicado: |
New York :
W. A. Benjamin,
1967.
|
| Materias: | |
| Etiquetas: |
Agregar Etiqueta
Sin Etiquetas, Sea el primero en etiquetar este registro!
|
| LEADER | 00840nam a22002051a 4500 | ||
|---|---|---|---|
| 001 | MAT.inmabb005732 | ||
| 008 | 740610s1967####nyu######b####000#0#eng## | ||
| 005 | 20151223133946.0 | ||
| 245 | 1 | 2 | |a A second course in complex analysis / |c William A. Veech. |
| 260 | |a New York : |b W. A. Benjamin, |c 1967. | ||
| 300 | |a ix, 246 p. ; |c 24 cm. | ||
| 504 | |a Incluye referencias bibliográficas (p. 243-244) e índice. | ||
| 505 | 0 | |a 1. Analytic continuation -- 2. Geometric considerations -- 3. The mapping theorems of Riemann and Koebe -- 4. The modular function -- 5. The Hadamard product theorem -- 6. The prime number theorem. | |
| 510 | 4 | |a MR, |c 36 #3955 | |
| 100 | 1 | |a Veech, William A. | |
| 650 | 0 | |a Functions of complex variables. | |
| 084 | |a 30-02 |2 msc2000 | ||
| 010 | |a 67020771 | ||
| 040 | |a DLC |c DLC |d DLC | ||
| 859 | |h 30 |i V417 |p A-2597 |b BIB. MATEMATICA | ||
